[Event "ICS rated blitz match"]
[Site "204.178.125.65"]
[Date "2000.03.20"]
[Round "?"]
[White "TwinJet"]
[Black "Hossa"]
[Result "1-0"]
[WhiteElo "2690"]
[BlackElo "2479"]
[PlyCount "133"]

1. e4 e5 2. Nc3 Nf6 3. f4 d5 4. fxe5 Nxe4 5. Nf3 Be7 6. d4 O-O 7. Bd3 f5 8.
exf6 Bxf6 9. O-O Nc6 10. Ne2 Bg4 11. c3 Qd6 12. Qb3 Na5 13. Qb5 b6 14. Bf4 Qc6
15. Qxc6 Nxc6 16. Bxc7 Rf7 17. Bf4 Raf8 18. h3 Be6 19. Be3 Bd7 20. Bxe4 dxe4
21. Nd2 Re8 22. Ng3 Rfe7 23. Rad1 Nd8 24. Nf5 Bxf5 25. Rxf5 Nf7 26. g3 Rc8 27.
Rd5 g6 28. Re1 Rce8 29. Re2 Kg7 30. Kf2 Rf8 31. Ke1 h5 32. Kd1 a6 33. h4 Rfe8
34. Bf4 Kh7 35. a4 Kg7 36. Nc4 Re6 37. Rd7 Rf8 38. Nd6 Re7 39. Rxe7 Bxe7 40.
Nxe4 b5 41. axb5 axb5 42. Kc2 Kg8 43. Kd3 Nd8 44. Ng5 Bxg5 45. Bxg5 Nf7 46. Re6
Kh7 47. Bf4 Nh6 48. Rb6 Ng4 49. Rxb5 Nf2+ 50. Ke2 Nh3 51. Be3 Kg7 52. d5 Re8
53. d6 Kf7 54. c4 Re6 55. c5 Re5 56. Rb7+ Kf6 57. c6 Ng1+ 58. Kd3 Nf3 59. c7
Ne1+ 60. Ke2 Ng2 61. d7 Rxe3+ 62. Kf2 Rd3 63. d8=Q+ Ke5 64. Rb5+ Rd5 65. Qe7+
Kd4 66. Rb4+ Kd3 67. Qe2# 1-0

[Event "ICS rated blitz match"]
[Site "204.178.125.65"]
[Date "2000.03.20"]
[Round "?"]
[White "Hossa"]
[Black "TwinJet"]
[Result "0-1"]
[WhiteElo "2472"]
[BlackElo "2697"]
[PlyCount "78"]

1. e4 e5 2. Nf3 Nf6 3. Nxe5 d6 4. Nf3 Nxe4 5. d4 d5 6. Bd3 Bd6 7. O-O O-O 8. c4
c6 9. cxd5 cxd5 10. Nc3 Nxc3 11. bxc3 Bg4 12. Rb1 Nd7 13. h3 Bh5 14. Rb5 Nb6
15. c4 Bxf3 16. Qxf3 dxc4 17. Bc2 Qd7 18. a4 g6 19. Bd2 c3 20. Bxc3 Rac8 21.
Be4 Rc4 22. Rfb1 Rfc8 23. Bb2 R8c7 24. Ra5 Nxa4 25. Qe2 Nxb2 26. Qxb2 Rb4 27.
Qd2 Rxb1+ 28. Bxb1 Qc8 29. g3 Rc1+ 30. Kg2 Rxb1 31. Rxa7 Qc4 32. Ra8+ Kg7 33.
Qa2 Qf1+ 34. Kf3 Re1 35. Re8 Qh1+ 36. Kg4 Re4+ 37. Rxe4 Qxe4+ 38. f4 f5+ 39.
Kg5 Be7# 0-1

[Event "ICS rated blitz match"]
[Site "204.178.125.65"]
[Date "2000.03.20"]
[Round "?"]
[White "Hossa"]
[Black "HaraldLdahl"]
[Result "1-0"]
[WhiteElo "2465"]
[BlackElo "2190"]
[PlyCount "77"]

1. e4 Nf6 2. e5 Nd5 3. d4 d6 4. Nf3 Bg4 5. Be2 c6 6. Ng5 Bf5 7. e6 fxe6 8. g4
Bg6 9. Bd3 Bxd3 10. Qxd3 Nf6 11. Nxe6 Qd7 12. Qe2 Kf7 13. Ng5+ Kg8 14. h3 Na6
15. f4 Nc7 16. f5 h6 17. Ne6 Nxe6 18. fxe6 Qe8 19. Nc3 Qg6 20. O-O d5 21. Re1
Rd8 22. Bf4 Rh7 23. Bc7 Rc8 24. Be5 Rd8 25. Qg2 h5 26. g5 Ne8 27. Re2 Nd6 28.
Bf4 h4 29. Bxd6 Rxd6 30. Qg4 Rh5 31. Re5 b5 32. Rf1 Rh8 33. Ref5 Rd8 34. Qf4
Qe8 35. Qc7 Rh5 36. Rxf8+ Qxf8 37. Rxf8+ Rxf8 38. Qxe7 Rf3 39. Qe8+ 1-0

[Event "ICS rated blitz match"]
[Site "204.178.125.65"]
[Date "2000.03.20"]
[Round "?"]
[White "HaraldLdahl"]
[Black "Hossa"]
[Result "0-1"]
[WhiteElo "2185"]
[BlackElo "2470"]
[PlyCount "45"]

1. d4 Nf6 2. c4 e6 3. Nc3 Bb4 4. Bg5 h6 5. Bxf6 Qxf6 6. Qd2 d5 7. e3 Nd7 8. Nf3
O-O 9. a3 Bxc3 10. Qxc3 c5 11. cxd5 exd5 12. Bb5 c4 13. Bxd7 Bxd7 14. O-O Bf5
15. Rfc1 Rfe8 16. Ne5 Qb6 17. b3 cxb3 18. Qb2 Rac8 19. g4 Bc2 20. Nf3 h5 21.
Ne1 Qg6 22. h3 hxg4 23. Kh2 0-1

[Event "ICS rated blitz match"]
[Site "204.178.125.65"]
[Date "2000.03.20"]
[Round "?"]
[White "Hossa"]
[Black "HaraldLdahl"]
[Result "1-0"]
[WhiteElo "2475"]
[BlackElo "2180"]
[PlyCount "55"]

1. e4 Nf6 2. e5 Nd5 3. d4 d6 4. c4 Nb6 5. f4 dxe5 6. fxe5 c5 7. d5 e6 8. Nc3
exd5 9. cxd5 c4 10. Nf3 Bg4 11. Qd4 Bxf3 12. gxf3 Bb4 13. e6 O-O 14. Rg1 g6 15.
Bh6 f6 16. Bxf8 Qxf8 17. Rg2 Na6 18. Bxc4 Rc8 19. Bxa6 bxa6 20. Rg4 Rc4 21. Qd3
Qc5 22. Kf1 Rxg4 23. fxg4 Bxc3 24. bxc3 Nxd5 25. Re1 Kf8 26. h4 Ke7 27. Rd1
Ne3+ 28. Ke2 1-0

[Event "ICS rated blitz match"]
[Site "204.178.125.65"]
[Date "2000.03.20"]
[Round "?"]
[White "HaraldLdahl"]
[Black "Hossa"]
[Result "0-1"]
[WhiteElo "2175"]
[BlackElo "2480"]
[PlyCount "41"]

1. e4 e5 2. Nf3 Nc6 3. d3 Nf6 4. g3 d5 5. Nbd2 Be7 6. Bg2 dxe4 7. dxe4 O-O 8.
O-O Bg4 9. h3 Be6 10. Qe2 Qd7 11. Nc4 Bxh3 12. Ncxe5 Nxe5 13. Nxe5 Qe6 14. f4
Bxg2 15. Kxg2 Bd6 16. Bd2 Bxe5 17. fxe5 Qxe5 18. Bf4 Qxe4+ 19. Qxe4 Nxe4 20.
Kf3 f5 21. Bxc7 0-1

[Event "ICS rated blitz match"]
[Site "204.178.125.65"]
[Date "2000.03.20"]
[Round "?"]
[White "Hossa"]
[Black "HaraldLdahl"]
[Result "1-0"]
[WhiteElo "2485"]
[BlackElo "2170"]
[PlyCount "87"]

1. e4 Nf6 2. e5 Nd5 3. d4 d6 4. Nf3 Bg4 5. Be2 c6 6. Ng5 Bf5 7. Bg4 Qd7 8. Bxf5
Qxf5 9. g4 Qd7 10. exd6 exd6 11. O-O Be7 12. Re1 O-O 13. Qe2 Na6 14. Ne4 Nac7
15. c4 Nf6 16. Ng3 Rfe8 17. g5 Bf8 18. Be3 Ne4 19. Nxe4 Rxe4 20. Nd2 Re7 21.
Qf3 Rae8 22. Rac1 d5 23. Qg2 g6 24. Rc3 Bg7 25. Rd1 dxc4 26. Nxc4 Nd5 27. Ra3
a6 28. Rb3 Qc7 29. Qg3 Qxg3+ 30. hxg3 b5 31. Na5 Nxe3 32. fxe3 Rxe3 33. Nxc6
Bf8 34. Rxe3 Rxe3 35. Kf2 Re6 36. d5 Rd6 37. Kf3 Kg7 38. Ke4 f6 39. gxf6+ Kxf6
40. Rf1+ Kg7 41. g4 h5 42. Nd4 Be7 43. gxh5 gxh5 44. Nf5+ 1-0

[Event "ICS rated blitz match"]
[Site "204.178.125.65"]
[Date "2000.03.20"]
[Round "?"]
[White "Hossa"]
[Black "TwinJet"]
[Result "0-1"]
[WhiteElo "2491"]
[BlackElo "2717"]
[PlyCount "118"]

1. e4 c5 2. Nf3 d6 3. d4 cxd4 4. Nxd4 Nf6 5. Nc3 a6 6. Be2 e5 7. Nb3 Be7 8. O-O
O-O 9. a4 Be6 10. f4 Qc7 11. Kh1 Nbd7 12. f5 Bc4 13. a5 b5 14. axb6 Nxb6 15.
Be3 Rfc8 16. Bxb6 Qxb6 17. Bxc4 Rxc4 18. Qe2 Rac8 19. Ra2 d5 20. exd5 Bb4 21.
Nd2 Rd4 22. Rxa6 Qb7 23. Rxf6 gxf6 24. Nde4 Kg7 25. Qf3 Qa6 26. Re1 Bxc3 27.
bxc3 Rxd5 28. Nxf6 Ra5 29. Nh5+ Kh8 30. Qe3 Qc6 31. c4 Rg8 32. Qd2 Ra6 33. f6
Ra4 34. c3 Rxc4 35. Ng3 Qxf6 36. Qe2 Qe6 37. Ne4 f5 38. Nd6 Rxc3 39. Qxe5+ Qxe5
40. Nf7+ Kg7 41. Nxe5 Rc2 42. Nf3 Kf6 43. g3 Ra8 44. Nd4 Rd2 45. Nb3 Rb2 46.
Nd4 Raa2 47. h4 Rh2+ 48. Kg1 Rhd2 49. Nf3 Rg2+ 50. Kh1 Rxg3 51. Rf1 f4 52. Ng5
Kf5 53. Re1 Kg4 54. Re4 h6 55. Re7 hxg5 56. hxg5 Rh3+ 57. Kg1 Kf3 58. Ra7 Rg2+
59. Kf1 Rh1# 0-1

[Event "ICS rated blitz match"]
[Site "204.178.125.65"]
[Date "2000.03.20"]
[Round "?"]
[White "Hossa"]
[Black "Randolf-Raatass"]
[Result "0-1"]
[WhiteElo "2487"]
[BlackElo "2081"]
[PlyCount "124"]

1. e4 Nf6 2. e5 Nd5 3. d4 d6 4. Nf3 Bg4 5. Be2 e6 6. O-O c6 7. Re1 Bxf3 8. Bxf3
dxe5 9. dxe5 Nd7 10. c4 Ne7 11. Bg5 Qb6 12. b3 Ng6 13. Be3 Bc5 14. Nc3 Bxe3 15.
Rxe3 Ndxe5 16. Bh5 Rd8 17. Qe2 Qd4 18. Rd1 Qb6 19. Rxe5 Rxd1+ 20. Nxd1 Nxe5 21.
Qxe5 O-O 22. Nc3 Rd8 23. Bf3 Qd4 24. Qxd4 Rxd4 25. Be4 f5 26. Bb1 g6 27. g3 e5
28. h4 e4 29. a3 Rd2 30. c5 Kg7 31. Kf1 Rb2 32. Ke1 Rxb3 33. Kd2 Rxa3 34. Bc2
b5 35. cxb6 axb6 36. Na4 b5 37. Nc5 Rf3 38. Ne6+ Kf6 39. Nd4 Rxf2+ 40. Kc3 Rf3+
41. Nxf3 exf3 42. Kd4 f2 43. Bd3 g5 44. hxg5+ Kxg5 45. Ke3 b4 46. Kxf2 b3 47.
Ke3 h5 48. Bc4 b2 49. Ba2 c5 50. Kd3 Kg4 51. Kc2 Kxg3 52. Bc4 f4 53. Kxb2 f3
54. Kc3 h4 55. Bd3 h3 56. Kd2 h2 57. Kc2 h1=Q 58. Be4 Qe1 59. Bf5 f2 60. Bd7
f1=Q 61. Kb2 Qc1+ 62. Kb3 Qfc4# 0-1

[Event "ICS rated blitz match"]
[Site "204.178.125.65"]
[Date "2000.03.21"]
[Round "?"]
[White "Hossa"]
[Black "PostModernist"]
[Result "0-1"]
[WhiteElo "2458"]
[BlackElo "2631"]
[PlyCount "126"]

1. Nf3 d5 2. c4 d4 3. g3 g6 4. b4 Bg7 5. Bb2 e5 6. d3 a5 7. bxa5 Ne7 8. Nbd2
Nbc6 9. Bg2 Rxa5 10. Nb3 Ra8 11. O-O O-O 12. e3 dxe3 13. fxe3 e4 14. Nfd4 exd3
15. Qxd3 Ne5 16. Qe2 Bg4 17. Qc2 c6 18. Nc5 b6 19. Ne4 c5 20. Nf3 Bxf3 21. Bxf3
Nf5 22. Bxe5 Bxe5 23. Rad1 Qe7 24. Rd3 Nxe3 25. Rxe3 Bd4 26. Rfe1 Ra3 27. Qf2
Rxe3 28. Rxe3 f5 29. Nf6+ Qxf6 30. Bd5+ Kh8 31. Kf1 Qg5 32. Ke2 Qh5+ 33. Qf3
Qxh2+ 34. Kf1 Bxe3 35. Qxe3 Qb2 36. a4 f4 37. gxf4 g5 38. Ke1 gxf4 39. Qe7 Qg7
40. Qxg7+ Kxg7 41. Bf3 Re8+ 42. Kf2 Kf6 43. Bc6 Re3 44. Bb5 Rc3 45. Ke2 Ke5 46.
Ke1 h6 47. Kf2 Kd4 48. Kg2 Ke3 49. Bc6 Ke2 50. a5 bxa5 51. Bd5 f3+ 52. Kg3 f2+
53. Kf4 f1=Q+ 54. Ke5 a4 55. Be6 Re3+ 56. Kd5 Qd1+ 57. Kxc5 Rxe6 58. Kb4 Re5
59. c5 Qb3+ 60. Ka5 Rxc5+ 61. Ka6 Qb5+ 62. Ka7 Rc7+ 63. Ka8 Qb7# 0-1

[Event "ICS rated blitz match"]
[Site "204.178.125.65"]
[Date "2000.03.21"]
[Round "?"]
[White "PostModernist"]
[Black "Hossa"]
[Result "1-0"]
[WhiteElo "2625"]
[BlackElo "2449"]
[PlyCount "114"]

1. d4 Nf6 2. c4 e6 3. Nf3 b6 4. a3 Ba6 5. Qc2 Bb7 6. Nc3 c5 7. e4 cxd4 8. Nxd4
Nc6 9. Nxc6 Bxc6 10. Bf4 Bc5 11. Be2 O-O 12. Rd1 a5 13. O-O Ne8 14. Qd3 Nc7 15.
Qg3 Ne8 16. Kh1 Rc8 17. e5 f6 18. Bd3 fxe5 19. Bxe5 Qe7 20. Ne4 Bxe4 21. Bxe4
d6 22. Bc3 Nf6 23. Bf3 a4 24. Rfe1 e5 25. Qh4 Qf7 26. Be2 d5 27. cxd5 Nxd5 28.
f3 Be7 29. Qxa4 Nxc3 30. bxc3 Rxc3 31. Qe4 Bxa3 32. Bd3 g6 33. Qxe5 Bb4 34. Re4
Rfc8 35. Rxb4 Rxd3 36. Rdb1 Re8 37. Qb2 Qd5 38. Qc1 Rd8 39. Qg1 Rd2 40. Rxb6
Rd1 41. Rxd1 Qxd1 42. Rb1 Qd2 43. Qe1 Qd7 44. h4 Qd6 45. Rb7 Ra8 46. Qc3 Qd1+
47. Kh2 Qd6+ 48. Kg1 Qd1+ 49. Kf2 Ra2+ 50. Kg3 Qd6+ 51. Kh3 Qe6+ 52. g4 Qf7 53.
Rb8+ Qf8 54. Rxf8+ Kxf8 55. Qf6+ Kg8 56. Qe6+ Kg7 57. Qxa2 Kf6 1-0

[Event "ICS rated blitz match"]
[Site "204.178.125.65"]
[Date "2000.03.21"]
[Round "?"]
[White "Hossa"]
[Black "PostModernist"]
[Result "1-0"]
[WhiteElo "2440"]
[BlackElo "2634"]
[PlyCount "159"]

1. e4 c6 2. d4 d5 3. exd5 cxd5 4. c4 Nf6 5. Nc3 e6 6. Nf3 Bb4 7. Bd2 O-O 8. Rc1
b6 9. cxd5 Bxc3 10. bxc3 Qxd5 11. c4 Qd6 12. Be2 Nc6 13. c5 Qd5 14. Bc4 Qe4+
15. Be3 Bb7 16. O-O Na5 17. Bb5 Qf5 18. Ne5 bxc5 19. Rxc5 Qe4 20. Nf3 Ng4 21.
Bg5 Nxh2 22. Kxh2 Qg4 23. Be2 Nc6 24. Be3 Nb4 25. Kg1 Rfb8 26. Rg5 Qe4 27. a3
Nd5 28. Qd2 Nxe3 29. fxe3 f6 30. Bd3 Qc6 31. Rh5 h6 32. Nh4 f5 33. Qa2 Kh8 34.
Ng6+ Kh7 35. Ne5 Qd5 36. Bc4 Qe4 37. Bxe6 Qxe3+ 38. Kh2 Be4 39. Bxf5+ Bxf5 40.
Rfxf5 Qb3 41. Qf2 Kg8 42. Rf3 Rf8 43. Rxb3 Rxf2 44. Nc6 Kh7 45. d5 a6 46. Rbh3
Raf8 47. Nd4 R8f6 48. Ne6 Re2 49. a4 Rexe6 50. dxe6 Rxe6 51. Rd5 Re4 52. a5 Ra4
53. Rb3 Rh4+ 54. Kg3 Ra4 55. Rb6 Ra3+ 56. Kh2 Ra4 57. Rxa6 Rh4+ 58. Kg3 Ra4 59.
Re6 Ra3+ 60. Kh2 Kg8 61. a6 Kf7 62. Red6 Kg8 63. Rd1 Kh7 64. Re6 Ra5 65. Rd7 h5
66. a7 Ra4 67. Re8 Rh4+ 68. Kg1 Ra4 69. a8=Q Rxa8 70. Rxa8 Kg6 71. Ra6+ Kf5 72.
g4+ Kxg4 73. Rxg7+ Kf3 74. Rh6 Ke4 75. Rxh5 Kd3 76. Rg4 Kc2 77. Rg3 Kc1 78. Rg2
Kb1 79. Rh1 Kc1 80. Kh2# 1-0

[Event "ICS rated blitz match"]
[Site "204.178.125.65"]
[Date "2000.03.21"]
[Round "?"]
[White "tol4511"]
[Black "Hossa"]
[Result "1-0"]
[WhiteElo "2496"]
[BlackElo "2464"]
[PlyCount "113"]

1. e4 e5 2. Nc3 Nf6 3. f4 d5 4. fxe5 Nxe4 5. Nf3 Be7 6. d4 O-O 7. Bd3 f5 8.
exf6 Bxf6 9. O-O Nc6 10. Ne2 Bg4 11. c3 Qd6 12. Qb3 Na5 13. Qb5 b6 14. Bf4 Bd7
15. Bxd6 Bxb5 16. Bxb5 Nxd6 17. Bd7 Kh8 18. Nf4 c6 19. Ne5 Bxe5 20. dxe5 Ne4
21. e6 Nf6 22. b4 Nxd7 23. exd7 Nb7 24. Rae1 Rg8 25. Nd3 Nd8 26. Re8 g6 27.
Rff8 Rxf8 28. Rxf8+ Kg7 29. Re8 a5 30. Nf4 Kf7 31. b5 cxb5 32. Nxd5 Rb8 33. Kf2
b4 34. cxb4 h6 35. b5 h5 36. Nf4 g5 37. Nd3 Kg7 38. Ne5 Ra8 39. Nc6 Kf7 40.
Nxd8+ Rxd8 41. Rxd8 Ke7 42. Rb8 Kxd7 43. Rxb6 Kc7 44. Rh6 h4 45. b6+ Kc8 46. g4
hxg3+ 47. Kxg3 Kb7 48. a4 Ka6 49. Kg4 Kb7 50. Kxg5 Kc8 51. Rh7 Kb8 52. h4 Ka8
53. Ra7+ Kb8 54. h5 Kc8 55. h6 Kb8 56. h7 Kc8 57. h8=Q# 1-0

[Event "ICS rated blitz match"]
[Site "204.178.125.65"]
[Date "2000.03.21"]
[Round "?"]
[White "Hossa"]
[Black "Levius-Primus"]
[Result "1-0"]
[WhiteElo "2467"]
[BlackElo "2110"]
[PlyCount "37"]

1. e4 e5 2. Nf3 d6 3. d4 f5 4. exf5 e4 5. Qe2 Qe7 6. Ng5 Bxf5 7. Qb5+ Bd7 8.
Qxb7 Bc6 9. Qc8+ Qd8 10. Qxd8+ Kxd8 11. Nf7+ Ke8 12. Nxh8 d5 13. c4 g6 14. cxd5
Bxd5 15. Nc3 Be6 16. Bf4 Nd7 17. Nb5 Rb8 18. Nxc7+ Kd8 19. Nxe6+ 1-0

[Event "ICS rated blitz match"]
[Site "204.178.125.65"]
[Date "2000.03.21"]
[Round "?"]
[White "Hossa"]
[Black "Levius-Primus"]
[Result "1-0"]
[WhiteElo "2474"]
[BlackElo "2103"]
[PlyCount "45"]

1. e4 e5 2. Nf3 d5 3. exd5 Bd6 4. d4 e4 5. Nfd2 Nf6 6. Nc3 Bf5 7. Bb5+ Nbd7 8.
f3 exf3 9. O-O O-O 10. Nxf3 a6 11. Ba4 b5 12. Bb3 Nb6 13. Ne5 Bg6 14. Bg5 Be7
15. Nc6 Qd7 16. Nxe7+ Qxe7 17. Bxf6 gxf6 18. Qf3 Rad8 19. Rae1 Qd6 20. Ne4 Bxe4
21. Rxe4 Kh8 22. Qf5 Nxd5 23. Rh4 1-0

[Event "ICS rated blitz match"]
[Site "204.178.125.65"]
[Date "2000.03.21"]
[Round "?"]
[White "Levius-Primus"]
[Black "Hossa"]
[Result "0-1"]
[WhiteElo "2100"]
[BlackElo "2477"]
[PlyCount "38"]

1. d4 d5 2. e4 dxe4 3. Nc3 Nf6 4. f3 exf3 5. Nxf3 e6 6. Bg5 Be7 7. Bd3 c5 8.
dxc5 Qa5 9. Qd2 O-O 10. Qf4 h6 11. Bxh6 gxh6 12. Qxh6 Qxc5 13. Ng5 Qf2+ 14. Kd1
Rd8 15. Rf1 Qxf1+ 16. Kd2 Qxa1 17. Ke2 Rxd3 18. Nce4 Qd1+ 19. Kf2 Ng4# 0-1

[Event "ICS rated blitz match"]
[Site "204.178.125.65"]
[Date "2000.03.21"]
[Round "?"]
[White "Levius-Primus"]
[Black "Hossa"]
[Result "0-1"]
[WhiteElo "2094"]
[BlackElo "2483"]
[PlyCount "88"]

1. d4 Nf6 2. f3 d5 3. e4 dxe4 4. Nc3 exf3 5. Nxf3 e6 6. Bg5 Be7 7. Bd3 Nd5 8.
Bxe7 Qxe7 9. Qd2 Nxc3 10. bxc3 O-O 11. O-O Nc6 12. Qf2 Rd8 13. Rae1 Bd7 14. Qg3
Be8 15. Bxh7+ Kh8 16. Bd3 Kg8 17. Qh3 g6 18. Re4 f5 19. Rh4 Qg7 20. Ng5 Rd7 21.
Bc4 Nd8 22. Rh7 Qxh7 23. Nxh7 Rxh7 24. Qe3 Kf7 25. d5 Kf6 26. dxe6 Nc6 27. Bd5
Rd8 28. Re1 Rxd5 29. c4 Re5 30. Qc3 Kxe6 31. Rxe5+ Nxe5 32. Qe3 a5 33. Qd4 Rd7
34. Qc5 Ng4 35. Kf1 Nxh2+ 36. Kf2 Ng4+ 37. Kg3 Nf6 38. Qe3+ Ne4+ 39. Kf3 g5 40.
g4 fxg4+ 41. Kxg4 Bg6 42. c3 Rh7 43. Qe1 Bh5+ 44. Kh3 Bf3+ 0-1

[Event "ICS rated blitz match"]
[Site "204.178.125.65"]
[Date "2000.03.21"]
[Round "?"]
[White "Levius-Primus"]
[Black "Hossa"]
[Result "1/2-1/2"]
[WhiteElo "2088"]
[BlackElo "2489"]
[PlyCount "133"]

1. d4 Nf6 2. f3 d5 3. e4 dxe4 4. Nc3 exf3 5. Nxf3 e6 6. Bg5 Be7 7. Bd3 Nd5 8.
Bxe7 Qxe7 9. Qd2 Nxc3 10. bxc3 O-O 11. O-O Nc6 12. Qf2 Rd8 13. Rae1 Bd7 14. Qg3
Be8 15. Bxh7+ Kh8 16. Qh3 Qf6 17. Bg6+ Kg8 18. Ne5 fxg6 19. Rxf6 gxf6 20. Ng4
f5 21. Nf6+ Kf7 22. Nxe8 Rxe8 23. Qh7+ Kf6 24. Qxc7 Re7 25. Qg3 Rh8 26. c4 e5
27. dxe5+ Nxe5 28. Qc3 Rh4 29. c5 g5 30. Rd1 Re4 31. Rd6+ Kf7 32. Qb3+ Nc4 33.
h3 Kg7 34. Qc3+ Ne5 35. c6 bxc6 36. Rxc6 Re1+ 37. Kh2 Re2 38. Rc7 Rxc7 39.
Qxc7+ Kh6 40. Qd6+ Ng6 41. c4 Rxa2 42. c5 f4 43. Qd3 Nh4 44. Qd6+ Ng6 45. Qd5
Rc2 46. c6 f3 47. Qxf3 a5 48. Qe4 Rc1 49. Qa4 Rc5 50. Qe4 Rc1 51. g3 Kh7 52. h4
gxh4 53. gxh4 Rc5 54. Kg3 Rc3+ 55. Kf2 Rc5 56. c7 Rxc7 57. h5 Rf7+ 58. Ke2 Rf6
59. hxg6+ Kg7 60. Qa4 Re6+ 61. Kd1 Re5 62. Kc2 Kxg6 63. Kc3 Kf5 64. Kc4 Re4+
65. Kb5 Rb4+ 66. Qxb4 axb4 67. Kxb4 1/2-1/2

[Event "ICS rated blitz match"]
[Site "204.178.125.65"]
[Date "2000.03.21"]
[Round "?"]
[White "brutus"]
[Black "Hossa"]
[Result "0-1"]
[WhiteElo "2081"]
[BlackElo "2479"]
[PlyCount "86"]

1. e4 c5 2. Nf3 e6 3. d4 cxd4 4. Nxd4 Nf6 5. Nc3 d6 6. Be3 a6 7. f3 b5 8. Qd2
Bb7 9. O-O-O Nbd7 10. Kb1 Ne5 11. g4 b4 12. Na4 d5 13. g5 Nfd7 14. f4 Nc4 15.
Bxc4 dxc4 16. Qg2 Qa5 17. b3 cxb3 18. cxb3 f5 19. gxf6 Nxf6 20. Qh3 Bxe4+ 21.
Ka1 Bf5 22. Nxf5 Qxf5 23. Qxf5 exf5 24. Rhe1 Kf7 25. Bd4 Ne4 26. Be5 Be7 27.
Nb6 Rad8 28. Nc4 Bh4 29. Rg1 Rxd1+ 30. Rxd1 Rd8 31. Rxd8 Bxd8 32. Kb2 g5 33. a3
gxf4 34. Bxf4 Bf6+ 35. Be5 bxa3+ 36. Kxa3 Bxe5 37. Nxe5+ Ke6 38. Nf3 Kd5 39.
Kb4 Nc5 40. Ka5 Nxb3+ 41. Kxa6 f4 42. Kb5 Nd4+ 43. Nxd4 Kxd4 0-1

[Event "ICS rated blitz match"]
[Site "204.178.125.65"]
[Date "2000.03.21"]
[Round "?"]
[White "Hossa"]
[Black "brutus"]
[Result "1-0"]
[WhiteElo "2482"]
[BlackElo "2078"]
[PlyCount "95"]

1. e4 e6 2. d4 d5 3. Nc3 Nf6 4. e5 Nfd7 5. f4 c5 6. Nf3 Nc6 7. Be3 cxd4 8. Nxd4
Bc5 9. Qd2 O-O 10. O-O-O a6 11. h4 Nxd4 12. Bxd4 b5 13. Rh3 Qb6 14. Bxc5 Nxc5
15. b4 Na4 16. Kb1 Bd7 17. Nxa4 bxa4 18. Ka1 Bb5 19. Bxb5 axb5 20. h5 Rac8 21.
h6 g6 22. Rg3 f5 23. Rc3 Rc6 24. Rxc6 Qxc6 25. Kb1 Rc8 26. a3 Qc4 27. Qf2 Qc7
28. Qe2 Qc6 29. Qd3 Rc7 30. Rd2 Qd7 31. Qh3 Rc4 32. Qh4 Rc8 33. Kb2 Qd8 34.
Qxd8+ Rxd8 35. Rd3 Rc8 36. Rc3 Rc4 37. Rxc4 dxc4 38. Kc3 Kf7 39. Kd4 g5 40. Kc5
Kg6 41. Kxb5 gxf4 42. Ka6 Kxh6 43. b5 Kg5 44. b6 h5 45. b7 Kg4 46. b8=Q Kg3 47.
Qg8+ Kf2 48. Qxe6 1-0

[Event "ICS rated blitz match"]
[Site "204.178.125.65"]
[Date "2000.03.21"]
[Round "?"]
[White "Hossa"]
[Black "brutus"]
[Result "1-0"]
[WhiteElo "2488"]
[BlackElo "2072"]
[PlyCount "21"]

1. d4 Nf6 2. c4 g6 3. Nc3 d5 4. cxd5 Nxd5 5. e4 Nxc3 6. bxc3 Bg7 7. Bc4 O-O 8.
Ne2 c5 9. O-O cxd4 10. cxd4 b6 11. Bd5 1-0

[Event "ICS rated blitz match"]
[Site "204.178.125.65"]
[Date "2000.03.21"]
[Round "?"]
[White "GeorgeVidan"]
[Black "Hossa"]
[Result "1-0"]
[WhiteElo "2388"]
[BlackElo "2491"]
[PlyCount "117"]

1. d4 d5 2. Nd2 Nf6 3. e3 e6 4. Ngf3 c5 5. c3 Nc6 6. Ne5 Nxe5 7. dxe5 Nd7 8. f4
g5 9. g3 c4 10. Nf3 Bg7 11. h4 gxf4 12. exf4 Nc5 13. Be3 Ne4 14. Rh3 O-O 15.
Bd4 f5 16. Ng5 Bd7 17. Bg2 Qe8 18. Bxe4 fxe4 19. Qe2 h6 20. O-O-O Bh8 21. Rdh1
b6 22. Be3 Ba4 23. g4 Rd8 24. Rg3 hxg5 25. hxg5 Bg7 26. Qh2 Kf7 27. g6+ Ke7 28.
Qh7 Rg8 29. f5 exf5 30. gxf5 Kd7 31. Bf4 Qf8 32. f6 Rh8 33. Rgh3 Rxh7 34. Rxh7
Kc6 35. Rxg7 Ra8 36. Rhh7 Kb5 37. Be3 Qe8 38. Bd4 Rd8 39. Kd2 a6 40. Rh6 Rd7
41. f7 Qe7 42. Rh5 Rd8 43. Rg8 Rf8 44. Rxf8 Qxf8 45. e6 e3+ 46. Kxe3 Qd6 47.
Re5 Qe7 48. g7 Qh4 49. g8=Q Qe1+ 50. Kf4 Qh4+ 51. Qg4 Qe7 52. Qg5 Qxg5+ 53.
Kxg5 Kc6 54. f8=Q Kc7 55. Qe7+ Kc8 56. Qd6 Be8 57. Bxb6 Kb7 58. Qc7+ Ka8 59.
Qa7# 1-0

[Event "ICS rated blitz match"]
[Site "204.178.125.65"]
[Date "2000.03.21"]
[Round "?"]
[White "Hossa"]
[Black "MissSilicon"]
[Result "0-1"]
[WhiteElo "2470"]
[BlackElo "2678"]
[PlyCount "150"]

1. Nf3 Nf6 2. g3 b5 3. Bg2 Bb7 4. O-O e6 5. d3 d5 6. Nbd2 Be7 7. e4 c5 8. exd5
exd5 9. d4 O-O 10. dxc5 Bxc5 11. Nb3 Bb4 12. Nbd4 a6 13. a4 bxa4 14. Rxa4 Qb6
15. Bg5 Ne4 16. Be3 Bc5 17. Qc1 Nc6 18. Re1 Bc8 19. Nxc6 Qxc6 20. b3 Bxe3 21.
Rxe3 Re8 22. Nd4 Qf6 23. Bxe4 dxe4 24. Qe1 Bb7 25. Qb4 Re7 26. Re1 Rd7 27. Qd2
Bc6 28. Rc4 Bd5 29. Ra4 Rad8 30. Qe2 Bb7 31. c3 Qd6 32. Qh5 Rc8 33. Re3 Rc5 34.
Qd1 f5 35. b4 Rc8 36. Qb3+ Bd5 37. Qb2 Qg6 38. b5 axb5 39. Qxb5 Qf7 40. Qb2 Bc4
41. Rb4 Ra7 42. Rb8 Ra1+ 43. Qxa1 Rxb8 44. Nc6 Re8 45. Qa4 Bd5 46. Nb4 Ra8 47.
Qd1 Bb3 48. Qd6 Ra1+ 49. Kg2 Bd1 50. Nc6 Bf3+ 51. Rxf3 exf3+ 52. Kxf3 Ra8 53.
Ne7+ Kh8 54. Kg2 Qf8 55. Qd7 f4 56. Qd5 Rd8 57. Qg5 Rd7 58. Nf5 f3+ 59. Kxf3 g6
60. g4 gxf5 61. gxf5 Rf7 62. Ke4 Re7+ 63. Kf4 Rg7 64. Qh4 Qd6+ 65. Ke3 Re7+ 66.
Qxe7 Qxe7+ 67. Kf3 Kg7 68. Kg4 Qe4+ 69. Kg3 Qxf5 70. f4 Qd3+ 71. Kg4 Kf6 72.
Kh4 Kf5 73. c4 Qf3 74. h3 Qxf4+ 75. Kh5 Qg5# 0-1

[Event "ICS rated blitz match"]
[Site "204.178.125.65"]
[Date "2000.03.21"]
[Round "?"]
[White "Hossa"]
[Black "BushidoPath"]
[Result "1-0"]
[WhiteElo "2463"]
[BlackElo "2243"]
[PlyCount "46"]

1. e4 c5 2. Nf3 Nc6 3. d4 cxd4 4. Nxd4 Nf6 5. Nc3 a6 6. Nxc6 bxc6 7. e5 Ng8 8.
Bc4 d5 9. exd6 Qxd6 10. O-O Nf6 11. Qxd6 exd6 12. Re1+ Be7 13. Bg5 Kf8 14. Re2
d5 15. Rae1 Be6 16. Bb3 h6 17. Be3 c5 18. Bf4 Re8 19. Be5 c4 20. Ba4 Rd8 21.
Bd4 Bb4 22. Rd1 Bxc3 23. Bxc3 Ne4 1-0

[Event "ICS rated blitz match"]
[Site "204.178.125.65"]
[Date "2000.03.21"]
[Round "?"]
[White "BushidoPath"]
[Black "Hossa"]
[Result "0-1"]
[WhiteElo "2236"]
[BlackElo "2470"]
[PlyCount "68"]

1. c4 e5 2. Nc3 Nf6 3. e4 Bc5 4. g3 Nc6 5. Bg2 d6 6. h3 O-O 7. Nge2 Be6 8. d3
Re8 9. O-O Rf8 10. Kh2 Nd4 11. f4 c6 12. f5 Nxe2 13. Nxe2 Bc8 14. g4 Re8 15.
Ng3 Nd7 16. g5 f6 17. h4 b6 18. Qg4 fxg5 19. hxg5 Rf8 20. Qh5 Qe8 21. Qh4 Ba6
22. Bf3 Qe7 23. Qh3 Bd4 24. Rb1 Nc5 25. g6 h6 26. Nh5 Nxd3 27. f6 Rxf6 28.
Nxf6+ Qxf6 29. Bh5 Nf2 30. Qf5 Qh4+ 31. Kg2 Bxc4 32. Rxf2 Bxf2 33. b3 Qg3+ 34.
Kh1 Qg1# 0-1

[Event "ICS rated blitz match"]
[Site "204.178.125.65"]
[Date "2000.03.21"]
[Round "?"]
[White "Hossa"]
[Black "Loxnessi"]
[Result "1-0"]
[WhiteElo "2477"]
[BlackElo "2290"]
[PlyCount "55"]

1. e4 e6 2. d4 d5 3. Nd2 f6 4. Ngf3 dxe4 5. Nxe4 Bd7 6. Bd3 Bc6 7. O-O Nd7 8.
Re1 Be7 9. Ng3 Kf7 10. Nd2 Nf8 11. Nc4 Bd6 12. Nxd6+ cxd6 13. Bc4 d5 14. Bb3
Ne7 15. Qe2 Neg6 16. c4 Qd7 17. Bd2 Re8 18. cxd5 Bxd5 19. Bxd5 Qxd5 20. Be3 Nd7
21. Rac1 Rc8 22. b3 h5 23. Rxc8 Rxc8 24. Nxh5 a6 25. Ng3 Rc6 26. Bc1 Qd6 27. d5
exd5 28. Qe8# 1-0